| 000 | 00707nam a2200217 a 4500 | ||
|---|---|---|---|
| 001 | BRCA_6820 | ||
| 005 | 20190320205614.0 | ||
| 008 | 041111s1945----nyua######---#000-0#eng-# | ||
| 041 | _aeng | ||
| 044 | _anyu | ||
| 050 | 4 |
_aSF426 _b.C65 _c1945 |
|
| 245 | 1 | 0 |
_aThe complete dog book _bthe care, handling, and feeding of dogs and purebred dogs; the recognized breeds and standards. _cThe American Kennel Club ; ill. by R. W. Tauskey |
| 260 |
_aNueva York _bGarden City _c1945 |
||
| 300 |
_axv, 753 p. _bil., 40 láminas _c22 cm. |
||
| 500 | _aI153 | ||
| 650 | 1 | 4 |
_aPerros _eRazas _915935 |
| 700 | 1 |
_aI. Tauskey _eIlustrador _917014 |
|
| 710 | 2 |
_aAmerican Kennel Club _917015 |
|
| 902 | _aGFM | ||
| 942 |
_2lcc _cB |
||
| 999 |
_c6503 _d6503 |
||